Further studies in english language and literature /

Guardado en:
Autor Principal: Mendilow, A. A.
Formato: Libro
Publicado: Jerusalem : At The Magnes Press, The Hebrew University, 1973
Series:Scripta Hierosolymitana, Xxv
Materias:
Etiquetas: Agregar Etiqueta
Sin Etiquetas, Sea el primero en etiquetar este registro!
LEADER 00633nam a22001815a 4500
001 EHU.bham008313
003 AR-BHAM
005 20100106141542.0
008 130507s1973##################000#0#####d
082 8 2 |a 820.7 
100 1 |a Mendilow, A. A. 
245 1 0 |a Further studies in english language and literature /  |c A. A. Mendilow. 
260 |a Jerusalem :  |b At The Magnes Press, The Hebrew University,  |c 1973 
300 |a 347 p. 
490 0 |a Scripta Hierosolymitana, Xxv 
653 |a Literatura inglesa-1801-1837 
653 |a Libro de escasa demanda 
859 |a AR-BHAM  |b BIB. HUMANIDADES - Lectura de escasa demanda  |h 820.7  |i M523  |p 220.73  |t Ej.1  |v LED1355